[Event "Rutas de Cuenca op 3rd"]
[Site "Cuenca"]
[Date "2016.06.17"]
[Round "1"]
[White "Belinchon Calleja, David"]
[Black "Jordan Martinez, David"]
[Result "0-1"]
[WhiteElo "1957"]
[BlackElo "2195"]
[PlyCount "87"]
[EventDate "2016.06.17"]
[EventType "swiss"]
[EventRounds "7"]
[EventCountry "ESP"]
[SourceTitle "EXT 2019"]
[Source "ChessBase"]
[SourceDate "2018.10.10"]
[SourceVersion "1"]
[SourceVersionDate "2018.10.10"]
[SourceQuality "1"]

1. e4 e6 2. d4 d5 3. Bd3 dxe4 4. Bxe4 Nf6 5. Bf3 c5 6. Ne2 Nc6 7. Be3 e5 8. Bxc6+ bxc6 9. dxe5 Qxd1+ 10. Kxd1 Ng4 11. Nd2 Nxe5 12. Re1 Be7 13. Ng3 0-0 14. h3 Rd8 15. Kc1 Be6 16. Nge4 Nd7 17. a4 h6 18. a5 f5 19. Nc3 Kf7 20. Ra4 Rab8 21. g4 Rb4 22. gxf5 Bxf5 23. Nb3 Bxh3 24. Nxc5 Nxc5 25. Rxb4 Nd3+ 26. cxd3 Bxb4 27. Bxa7 Bxa5 28. Re3 Bf5 29. Kc2 Bc7 30. Bc5 Re8 31. Ne4 Re6 32. Ng3 Rxe3 33. Bxe3 Be6 34. Kd2 Bg4 35. Bd4 h5 36. Ne4 h4 37. f3 Bf5 38. Ke2 h3 39. Kf2 Bf4 40. Bc5 Ke6 41. Bd4 g6 42. Bc3 Kd5 43. Nf6+ Ke6 44. Ne4 0-1

[Event "Benidorm op U2000 09th"]
[Site "Benidorm"]
[Date "2010.12.04"]
[Round "2"]
[White "Belinchon Calleja, David"]
[Black "Maronda Escriva, Ivan"]
[Result "1-0"]
[WhiteElo "1990"]
[BlackElo "1875"]
[PlyCount "105"]
[EventDate "2010.12.03"]
[EventType "swiss"]
[EventRounds "10"]
[EventCountry "ESP"]
[SourceTitle "CBM 139 Extra"]
[Source "ChessBase"]
[SourceDate "2011.01.05"]
[SourceVersion "1"]
[SourceVersionDate "2011.01.05"]
[SourceQuality "1"]

1. e4 c6 2. d4 d5 3. exd5 cxd5 4. Bd3 Nc6 5. c3 Nf6 6. Bf4 Bg4 7. Qb3 Qd7 8. Nd2 e6 9. h3 Bh5 10. Ngf3 Bxf3 11. Nxf3 a6 12. 0-0 Be7 13. Rfe1 0-0 14. Ne5 Qc8 15. Qc2 h6 16. Qd2 Qd8 17. Bxh6 Ne4 18. Bxe4 dxe4 19. Nxc6 bxc6 20. Bf4 f5 21. Qe2 Bd6 22. Bxd6 Qxd6 23. f3 Qg3 24. Rf1 Rf6 25. fxe4 Rh6 26. Qf3 Rxh3 27. Qxg3 Rxg3 28. exf5 exf5 29. Rxf5 Rb8 30. Rf2 a5 31. Re1 a4 32. a3 Rd3 33. Re7 Rd1+ 34. Kh2 Rb5 35. g4 Rb1 36. Ree2 Kh7 37. Kg3 Kg8 38. Kf4 Kf7 39. Ke4+ Ke6 40. c4 Rg5 41. Kf4+ Kf6 42. Kg3+ Kg6 43. Re6+ Kh7 44. Rh2+ Kg8 45. Kf4 Ra5 46. Rxc6 Rf1+ 47. Ke3 Rg1 48. Kf3 Rg5 49. d5 R5xg4 50. d6 R1g3+ 51. Ke2 Rb3 52. d7 Rxb2+ 53. Kf3 1-0

[Event "Albacete op 18th"]
[Site "Albacete"]
[Date "2010.09.15"]
[Round "3"]
[White "Escudero Garcia, Javier"]
[Black "Belinchon Calleja, David"]
[Result "0-1"]
[WhiteElo "1676"]
[BlackElo "1971"]
[PlyCount "58"]
[EventDate "2010.09.14"]
[EventType "swiss"]
[EventRounds "9"]
[EventCountry "ESP"]
[SourceTitle "CBM 138 Extra"]
[Source "ChessBase"]
[SourceDate "2010.10.29"]
[SourceVersion "1"]
[SourceVersionDate "2010.10.29"]
[SourceQuality "1"]

1. d4 Nf6 2. c4 e6 3. Nc3 b6 4. Bg5 Be7 5. e3 Bb7 6. Be2 0-0 7. Nf3 d6 8. 0-0 Nbd7 9. Qc2 h6 10. Bh4 Nh7 11. Bxe7 Qxe7 12. e4 Ng5 13. Nd2 Qf6 14. d5 e5 15. Bg4 Rfd8 16. Nb5 a6 17. Nxc7 Rac8 18. Nxa6 Bxa6 19. b4 Bxc4 20. Bxd7 Rxd7 21. Qa4 b5 22. Qa6 Rdc7 23. Rfc1 Nh3+ 24. gxh3 Qg5+ 25. Kh1 Qxd2 26. Qxd6 Qf4 27. Rd1 Be2 28. Re1 Bf3+ 29. Kg1 Qg5+ 0-1